[Event "Budapest FS08 IM"]
[Site "Budapest"]
[Date "2016.08.14"]
[Round "8"]
[White "Yao, Lan"]
[Black "Lengyel, Bela"]
[Result "1-0"]
[WhiteElo "2167"]
[BlackElo "2246"]
[PlyCount "105"]
[EventDate "2016.08.06"]
[EventType "tourn"]
[EventRounds "9"]
[EventCountry "HUN"]
[EventCategory "1"]
[SourceTitle "CBM 173 Extra"]
[Source "ChessBase"]
[SourceDate "2016.08.29"]
[SourceVersion "1"]
[SourceVersionDate "2016.08.29"]
[SourceQuality "1"]

1. e4 e5 2. Nf3 Nc6 3. Bc4 Nf6 4. Ng5 d5 5. exd5 Na5 6. Bb5+ c6 7. dxc6 bxc6 8. Bd3 g6 9. 0-0 Bg7 10. b4 Nd5 11. Ne4 Nxb4 12. Ba3 f5 13. Bxb4 fxe4 14. Bxe4 Qd4 15. Bxa5 Qxe4 16. Nc3 Qf5 17. Bb4 Kf7 18. d3 Rd8 19. Ne4 Kg8 20. Nd6 Qe6 21. Nxc8 Raxc8 22. Bc3 Rf8 23. Qe2 h5 24. Rae1 Qxa2 25. Bxe5 Rce8 26. d4 Rf5 27. Qd3 Bxe5 28. Rxe5 Rexe5 29. dxe5 Qe6 30. f4 Kg7 31. Qe3 Rf7 32. h3 Qf5 33. Qc3 Qe6 34. Qe3 Kh7 35. Ra1 Qe7 36. e6 Rg7 37. Rd1 Qc7 38. Qe4 Kh6 39. Re1 Re7 40. f5 gxf5 41. Qxf5 Qd8 42. Qf4+ Kg6 43. Qe4+ Kg7 44. Qe5+ Kg6 45. Qe4+ Kg7 46. Qxc6 Qb6+ 47. Qxb6 axb6 48. Kf2 Kf6 49. Kf3 b5 50. Kf4 h4 51. Kg4 Rxe6 52. Rxe6+ Kxe6 53. Kxh4 1-0

[Event "Budapest FS08 IM"]
[Site "Budapest"]
[Date "2016.08.09"]
[Round "4"]
[White "Lengyel, Bela"]
[Black "Kantsler, Boris"]
[Result "0-1"]
[WhiteElo "2246"]
[BlackElo "2394"]
[PlyCount "112"]
[EventDate "2016.08.06"]
[EventType "tourn"]
[EventRounds "9"]
[EventCountry "HUN"]
[EventCategory "1"]
[SourceTitle "CBM 173 Extra"]
[Source "ChessBase"]
[SourceDate "2016.08.29"]
[SourceVersion "1"]
[SourceVersionDate "2016.08.29"]
[SourceQuality "1"]

1. e4 c5 2. Nf3 a6 3. c4 Nc6 4. d4 cxd4 5. Nxd4 e5 6. Nc2 Nf6 7. Nc3 Bc5 8. Be2 d6 9. 0-0 Be6 10. Be3 0-0 11. Qd2 h6 12. Rac1 Rc8 13. Rfd1 Re8 14. f3 Qb6 15. b3 Red8 16. Bf1 Bxe3+ 17. Qxe3 Qxe3+ 18. Nxe3 Kf8 19. Kf2 Nd4 20. Ne2 Nc6 21. Rc2 Ke7 22. Rcd2 Rd7 23. g3 Rdd8 24. Nc2 Na7 25. Ne3 Nc6 26. a4 Na5 27. Rb1 Nc6 28. b4 a5 29. b5 Nb4 30. Nc3 Nd7 31. f4 Nb6 32. Rbd1 f6 33. h4 h5 34. Ncd5+ Bxd5 35. exd5 Nxa4 36. Kf3 Nc5 37. Rg2 e4+ 38. Ke2 Nbd3 39. Kd2 a4 40. Kc3 Ra8 41. Ra2 g6 42. f5 g5 43. Rh2 Rh8 44. Be2 a3 45. Ra1 a2 46. Bd1 Ra3+ 47. Kd2 Ne5 48. Re2 Nf3+ 49. Kc1 Nd3+ 50. Kc2 Nd4+ 51. Kd2 Nxe2 52. Kxe2 gxh4 53. gxh4 Nf4+ 54. Kf2 Rg8 55. Bc2 Nh3+ 56. Ke2 Rg3 0-1

[Event "Budapest FS08 IM"]
[Site "Budapest"]
[Date "2016.08.06"]
[Round "1"]
[White "Farago, Sandor"]
[Black "Lengyel, Bela"]
[Result "1/2-1/2"]
[WhiteElo "2264"]
[BlackElo "2246"]
[PlyCount "35"]
[EventDate "2016.08.06"]
[EventType "tourn"]
[EventRounds "9"]
[EventCountry "HUN"]
[EventCategory "1"]
[SourceTitle "CBM 173 Extra"]
[Source "ChessBase"]
[SourceDate "2016.08.29"]
[SourceVersion "1"]
[SourceVersionDate "2016.08.29"]
[SourceQuality "1"]

1. e4 e5 2. Nf3 Nc6 3. Bb5 a6 4. Ba4 Nf6 5. 0-0 Be7 6. Re1 b5 7. Bb3 d6 8. c3 0-0 9. h3 Na5 10. Bc2 c5 11. d4 Qc7 12. Nbd2 Nc6 13. Nf1 cxd4 14. cxd4 exd4 15. Bb3 Na5 16. Bc2 Nc6 17. Bb3 Na5 18. Bc2 1/2-1/2

[Event "Budapest FS02 IM"]
[Site "Budapest"]
[Date "2016.02.14"]
[Round "8"]
[White "To, Nhat Minh"]
[Black "Lengyel, Bela"]
[Result "1/2-1/2"]
[WhiteElo "2296"]
[BlackElo "2255"]
[PlyCount "41"]
[EventDate "2016.02.06"]
[EventType "tourn"]
[EventRounds "9"]
[EventCountry "HUN"]
[EventCategory "1"]
[SourceTitle "CBM 170 Extra"]
[Source "ChessBase"]
[SourceDate "2016.02.25"]
[SourceVersion "1"]
[SourceVersionDate "2016.02.25"]
[SourceQuality "1"]

1. d4 Nf6 2. c4 e6 3. Nc3 Bb4 4. Qc2 Nc6 5. Bg5 h6 6. Bd2 d6 7. e3 0-0 8. Nf3 e5 9. d5 Ne7 10. e4 Bxc3 11. Bxc3 Ne8 12. Bd3 c5 13. 0-0 a6 14. a4 Bd7 15. a5 f5 16. exf5 Bxf5 17. Bxf5 Nxf5 18. Ra3 Nd4 19. Bxd4 exd4 20. Rb3 Qd7 21. Qd3 1/2-1/2

[Event "Budapest FS02 IM"]
[Site "Budapest"]
[Date "2016.02.10"]
[Round "5"]
[White "Lyell, Mark"]
[Black "Lengyel, Bela"]
[Result "0-1"]
[WhiteElo "2129"]
[BlackElo "2255"]
[PlyCount "172"]
[EventDate "2016.02.06"]
[EventType "tourn"]
[EventRounds "9"]
[EventCountry "HUN"]
[EventCategory "1"]
[SourceTitle "CBM 170 Extra"]
[Source "ChessBase"]
[SourceDate "2016.02.25"]
[SourceVersion "1"]
[SourceVersionDate "2016.02.25"]
[SourceQuality "1"]

1. e4 e5 2. f4 exf4 3. Bc4 Be7 4. d4 Nf6 5. e5 Ne4 6. Bxf4 d5 7. exd6 cxd6 8. Nf3 d5 9. Bd3 Nc6 10. Nbd2 f5 11. 0-0 0-0 12. c3 Be6 13. Ne5 a5 14. a4 g5 15. Nxc6 bxc6 16. Be5 Qe8 17. Nb3 Qg6 18. Bc7 g4 19. Bxe4 dxe4 20. Bf4 Rfd8 21. Qc2 Bc4 22. Rfe1 h5 23. Nd2 Bf7 24. Nb3 h4 25. Nc5 Rd5 26. Qf2 Qh5 27. Rad1 g3 28. Qc2 Qg4 29. Qc1 Rad8 30. h3 Qh5 31. Nd3 c5 32. Bc7 Bg5 33. Nf4 Qh6 34. Rf1 R8d7 35. Bb8 Qc6 36. Be5 Qxa4 37. Nxd5 Bxc1 38. Nf6+ Kf8 39. Nxd7+ Qxd7 40. Rxc1 Bc4 41. Rf4 Qh7 42. dxc5 Ke7 43. b4 Ke6 44. Bd6 Bd3 45. Ra1 Qg7 46. Rc1 a4 47. Rxh4 a3 48. Bf4 a2 49. Rh6+ Qxh6 50. Bxh6 Bb1 51. Bf4 Kd5 52. Rd1+ Kc4 53. c6 a1Q 54. c7 Qa7+ 55. Kh1 Qb7 56. Rxb1 Kd3 57. Bxg3 e3 58. Rd1+ Ke2 59. Rd4 Qc6 60. c4 f4 61. Rxf4 Qxc7 62. b5 Qc5 63. Kh2 Kd2 64. h4 e2 65. Re4 Kd3 66. Re6 Qxc4 67. Rd6+ Ke4 68. b6 Qb4 69. Re6+ Kd3 70. Kh3 Qf8 71. Rd6+ Qxd6 72. Bxd6 e1Q 73. Bc7 Qe6+ 74. Kg3 Qc6 75. h5 Ke4 76. h6 Kf5 77. h7 Qg6+ 78. Kf3 Qxh7 79. Ke3 Qd7 80. g3 Qb5 81. Kd4 Ke6 82. g4 Qb4+ 83. Ke3 Qxg4 84. b7 Qh3+ 85. Kf2 Qf5+ 86. Kg3 Qd3+ 0-1

[Event "Perenyi Memorial"]
[Site "Budapest"]
[Date "2016.01.15"]
[Round "9"]
[White "Lengyel, Bela"]
[Black "Farago, Sandor"]
[Result "1-0"]
[WhiteElo "2246"]
[BlackElo "2263"]
[PlyCount "161"]
[EventDate "2016.01.06"]
[EventType "swiss"]
[EventRounds "9"]
[EventCountry "HUN"]
[SourceTitle "CBM 170 Extra"]
[Source "ChessBase"]
[SourceDate "2016.02.25"]
[SourceVersion "1"]
[SourceVersionDate "2016.02.25"]
[SourceQuality "1"]

1. e4 c5 2. Nf3 e6 3. d4 cxd4 4. Nxd4 Nc6 5. Nb5 d6 6. c4 Nf6 7. N1c3 a6 8. Na3 Qa5 9. Bd2 Qc7 10. Be2 Nd4 11. Bd3 d5 12. cxd5 b5 13. Rc1 Qb8 14. Be3 e5 15. Nc2 Bc5 16. 0-0 Ng4 17. Qd2 0-0 18. Ne2 f5 19. Ncxd4 exd4 20. Bf4 Bd6 21. h3 fxe4 22. Rxc8 Rxc8 23. Bxe4 Bxf4 24. Nxf4 Nf6 25. Bf5 Rc5 26. Be6+ Kh8 27. g3 Qd6 28. Qxd4 Rc4 29. Qe3 Rd8 30. h4 Rc2 31. h5 Re8 32. h6 Rc7 33. Qd4 Rf8 34. hxg7+ Rxg7 35. Rc1 Rc7 36. Re1 Rc4 37. Qd2 Ne4 38. Qe3 Ng5 39. b3 Rcxf4 40. gxf4 Qxf4 41. Qc3+ Rf6 42. Re2 Nf3+ 43. Kf1 Nd4 44. Rd2 Nf3 45. Rd3 Kg7 46. Ke2 Qe4+ 47. Re3 Nd4+ 48. Kd1 Qb1+ 49. Qc1 Qxc1+ 50. Kxc1 Rxf2 51. d6 Rc2+ 52. Kb1 Rc5 53. b4 Rc6 54. d7 Rd6 55. Bh3 Nc6 56. Re8 Kf7 57. Rh8 h6 58. Bg2 Rxd7 59. Bxc6 Rd4 60. a3 Rd6 61. Bb7 Rb6 62. Rh7+ Kg6 63. Be4+ Kg5 64. Bf3 a5 65. Rc7 axb4 66. axb4 Kf4 67. Rc6 Rb8 68. Bh5 Ke3 69. Kb2 Kd4 70. Be2 Ke3 71. Re6+ Kd2 72. Kb3 h5 73. Bxh5 Rg8 74. Rd6+ Ke3 75. Rd5 Rb8 76. Bg6 Rg8 77. Bd3 Rg3 78. Kc3 Rg1 79. Re5+ Kf4 80. Rxb5 Rc1+ 81. Kd4 1-0

[Event "Perenyi Memorial"]
[Site "Budapest"]
[Date "2016.01.12"]
[Round "6"]
[White "Koczo, Kristof"]
[Black "Lengyel, Bela"]
[Result "0-1"]
[WhiteElo "2198"]
[BlackElo "2246"]
[PlyCount "140"]
[EventDate "2016.01.06"]
[EventType "swiss"]
[EventRounds "9"]
[EventCountry "HUN"]
[SourceTitle "CBM 170 Extra"]
[Source "ChessBase"]
[SourceDate "2016.02.25"]
[SourceVersion "1"]
[SourceVersionDate "2016.02.25"]
[SourceQuality "1"]

1. d4 Nf6 2. c4 e6 3. Nc3 Bb4 4. e3 b6 5. Nge2 Bb7 6. a3 Be7 7. d5 0-0 8. Ng3 d6 9. Be2 a5 10. Bf3 e5 11. Nf5 Re8 12. Nxe7+ Qxe7 13. b3 Nbd7 14. Ne4 Nxe4 15. Bxe4 Qh4 16. Bf5 Nc5 17. g3 Qf6 18. Bc2 Bc8 19. Bb2 Bf5 20. Bxf5 Qxf5 21. 0-0 a4 22. b4 Nb3 23. Ra2 e4 24. b5 Qf3 25. Bc3 h5 26. h4 f6 27. Bb4 Kf7 28. Rc2 Kg6 29. Rc3 Re7 30. Re1 Rae8 31. Qe2 Kf5 32. Kh2 g5 33. Rc2 gxh4 34. gxh4 Rg7 35. Qf1 Rg4 36. Qh3 Reg8 37. Rb2 Kg6 38. Qxf3 exf3 39. Rg1 Rxg1 40. Kxg1 Kf5+ 41. Kh2 Rg2+ 42. Kh3 Ke4 43. Rc2 Kd3 44. Rc3+ Ke2 45. Rc2+ Kf1 46. Rb2 Rxf2 47. Rb1+ Ke2 48. Re1+ Kd3 49. Kg3 Rg2+ 50. Kxf3 Rg4 51. Rh1 Kxc4 52. e4 Nd4+ 53. Kf2 Nc2 54. Rc1 Kb3 55. Bd2 Rxe4 56. Rg1 Rxh4 57. Rg3+ Ka2 58. Bc1 Kb1 59. Rg1 Ka2 60. Rg3 Rc4 61. Ke2 Nd4+ 62. Kd3 Rc3+ 63. Kxc3 Ne2+ 64. Kb4 Nxg3 65. Kxa4 Ne2 66. Bb2 f5 67. Bf6 f4 68. Kb4 f3 69. Bh4 Nf4 70. Ka4 Nh3 0-1

[Event "Budapest FS10 IM"]
[Site "Budapest"]
[Date "2012.10.16"]
[Round "10"]
[White "Kojima, Shinya"]
[Black "Lengyel, Bela"]
[Result "1/2-1/2"]
[WhiteElo "2307"]
[BlackElo "2252"]
[PlyCount "40"]
[EventDate "2012.10.06"]
[EventType "tourn"]
[EventRounds "10"]
[EventCountry "HUN"]
[EventCategory "3"]
[SourceTitle "EXT 2013"]
[Source "ChessBase"]
[SourceDate "2012.11.22"]
[SourceVersion "1"]
[SourceVersionDate "2012.11.22"]
[SourceQuality "1"]

1. e4 e5 2. Nf3 Nc6 3. Bb5 a6 4. Ba4 Nf6 5. 0-0 Be7 6. Re1 b5 7. Bb3 d6 8. c3 0-0 9. h3 Na5 10. Bc2 c5 11. d4 Qc7 12. Nbd2 Nc6 13. d5 Na5 14. b3 Bd7 15. Nf1 Nb7 16. Ng3 c4 17. b4 a5 18. a3 g6 19. Nh2 Ra6 20. Qf3 Rfa8 1/2-1/2

[Event "Budapest FS10 IM"]
[Site "Budapest"]
[Date "2012.10.15"]
[Round "9"]
[White "Lengyel, Bela"]
[Black "Nguyen, Huynh Minh Huy"]
[Result "1/2-1/2"]
[WhiteElo "2252"]
[BlackElo "2438"]
[PlyCount "25"]
[EventDate "2012.10.06"]
[EventType "tourn"]
[EventRounds "10"]
[EventCountry "HUN"]
[EventCategory "3"]
[SourceTitle "EXT 2013"]
[Source "ChessBase"]
[SourceDate "2012.11.22"]
[SourceVersion "1"]
[SourceVersionDate "2012.11.22"]
[SourceQuality "1"]

1. e4 c5 2. Nf3 d6 3. d4 cxd4 4. Nxd4 Nf6 5. Nc3 Nc6 6. Bg5 e6 7. Be2 Be7 8. 0-0 0-0 9. Be3 a6 10. f4 Bd7 11. Nb3 b5 12. Bf3 Qc7 13. Qd2 1/2-1/2

[Event "Budapest FS09 IM"]
[Site "Budapest"]
[Date "2012.09.11"]
[Round "11"]
[White "Szeberenyi, Adam"]
[Black "Lengyel, Bela"]
[Result "1-0"]
[WhiteElo "2354"]
[BlackElo "2250"]
[PlyCount "68"]
[EventDate "2012.09.01"]
[EventType "tourn"]
[EventRounds "11"]
[EventCountry "HUN"]
[EventCategory "2"]
[SourceTitle "CBM 150 Extra"]
[Source "ChessBase"]
[SourceDate "2012.10.19"]
[SourceVersion "1"]
[SourceVersionDate "2012.10.19"]
[SourceQuality "1"]

1. d4 Nf6 2. c4 e6 3. Nf3 b6 4. a3 Bb7 5. Nc3 d5 6. Bg5 Be7 7. Bxf6 Bxf6 8. cxd5 exd5 9. Qb3 0-0 10. Rd1 Re8 11. g3 c5 12. Bg2 c4 13. Qc2 Nc6 14. 0-0 Rc8 15. Rfe1 Na5 16. e3 g6 17. h4 Bg7 18. h5 a6 19. hxg6 hxg6 20. Ne5 Qd6 21. f4 b5 22. Bf3 Rc7 23. Qg2 Rd8 24. g4 g5 25. fxg5 Bxe5 26. dxe5 Qxe5 27. Bxd5 Qxg5 28. Ne4 Rxd5 29. Nxg5 Rxd1 30. Qh2 Rxe1+ 31. Kf2 Rd7 32. Kxe1 Nb3 33. Qb8+ Kg7 34. Qe5+ Kf8 1-0

[Event "Budapest FS09 IM"]
[Site "Budapest"]
[Date "2012.09.10"]
[Round "10"]
[White "Lengyel, Bela"]
[Black "Sadilek, Peter"]
[Result "0-1"]
[WhiteElo "2250"]
[BlackElo "2262"]
[PlyCount "82"]
[EventDate "2012.09.01"]
[EventType "tourn"]
[EventRounds "11"]
[EventCountry "HUN"]
[EventCategory "2"]
[SourceTitle "CBM 150 Extra"]
[Source "ChessBase"]
[SourceDate "2012.10.19"]
[SourceVersion "1"]
[SourceVersionDate "2012.10.19"]
[SourceQuality "1"]

1. e4 e6 2. d4 d5 3. Nc3 Nf6 4. Bg5 Bb4 5. e5 h6 6. Bd2 Bxc3 7. bxc3 Ne4 8. Qg4 g6 9. Nf3 c5 10. Bd3 Nxd2 11. Kxd2 Nc6 12. h4 cxd4 13. cxd4 Qa5+ 14. Ke2 b6 15. Qf4 Ba6 16. Qd2 Bxd3+ 17. cxd3 Qa4 18. Qb2 Rc8 19. Rhc1 Kd7 20. Rc3 Nb4 21. a3 Nc2 22. Ra2 Rxc3 23. Qxc3 Rc8 24. Qb2 Rc7 25. g4 Kc8 26. Kf1 Kb7 27. Kg2 b5 28. Kg3 Kb6 29. Kg2 a5 30. Kg3 Rc6 31. Kf4 Ka6 32. Kg3 b4 33. axb4 Qxb4 34. Qc1 Qb3 35. Rxc2 Rxc2 36. Qxh6 Rc8 37. Qg7 Qb7 38. h5 gxh5 39. gxh5 a4 40. h6 a3 41. h7 a2 0-1

[Event "Budapest FS08 IM-A"]
[Site "Budapest"]
[Date "2012.08.12"]
[Round "9"]
[White "Lengyel, Bela"]
[Black "Galyas, Miklos"]
[Result "1/2-1/2"]
[WhiteElo "2258"]
[BlackElo "2412"]
[PlyCount "45"]
[EventDate "2012.08.04"]
[EventType "tourn"]
[EventRounds "11"]
[EventCountry "HUN"]
[EventCategory "1"]
[SourceTitle "CBM 149 Extra"]
[Source "ChessBase"]
[SourceDate "2012.08.24"]
[SourceVersion "1"]
[SourceVersionDate "2012.08.24"]
[SourceQuality "1"]

1. e4 c5 2. Nf3 d6 3. d4 cxd4 4. Nxd4 Nf6 5. Nc3 a6 6. Be3 e6 7. g4 e5 8. Nf5 Nc6 9. Bg2 g6 10. Qe2 gxf5 11. exf5 Rg8 12. h3 h5 13. Bf3 Bh6 14. 0-0-0 Bxe3+ 15. Qxe3 Kf8 16. Qh6+ Rg7 17. Qh8+ Rg8 18. Qh6+ Rg7 19. Bxc6 bxc6 20. Qh8+ Rg8 21. Qh6+ Rg7 22. Qh8+ Ng8 23. Ne4 1/2-1/2

[Event "Budapest FS08 IM-A"]
[Site "Budapest"]
[Date "2012.08.04"]
[Round "1"]
[White "Laliena Solanes, Luis M"]
[Black "Lengyel, Bela"]
[Result "0-1"]
[WhiteElo "2199"]
[BlackElo "2258"]
[PlyCount "62"]
[EventDate "2012.08.04"]
[EventType "tourn"]
[EventRounds "11"]
[EventCountry "HUN"]
[EventCategory "1"]
[SourceTitle "CBM 149 Extra"]
[Source "ChessBase"]
[SourceDate "2012.08.24"]
[SourceVersion "1"]
[SourceVersionDate "2012.08.24"]
[SourceQuality "1"]

1. d4 Nf6 2. Nf3 e6 3. Bf4 c5 4. e3 Nc6 5. c3 d5 6. Nbd2 Bd6 7. Ne5 Qc7 8. Ndf3 Nd7 9. Bb5 f6 10. Bxc6 bxc6 11. Nxd7 Bxd7 12. Bg3 cxd4 13. exd4 0-0 14. 0-0 Bxg3 15. hxg3 e5 16. c4 e4 17. Nd2 f5 18. Rc1 Qd6 19. Qb3 Rab8 20. Qa3 Qxa3 21. bxa3 Rb2 22. Nb3 f4 23. cxd5 cxd5 24. Rc5 Rxa2 25. gxf4 Rxa3 26. Rb1 Rb8 27. Nd2 Rxb1+ 28. Nxb1 Ra1 29. Rc1 e3 30. fxe3 Bf5 31. e4 Bxe4 0-1

[Event "Budapest FS07 IM"]
[Site "Budapest"]
[Date "2012.07.11"]
[Round "5"]
[White "To, Nhat Minh"]
[Black "Lengyel, Bela"]
[Result "1/2-1/2"]
[WhiteElo "2305"]
[BlackElo "2270"]
[PlyCount "42"]
[EventDate "2012.07.07"]
[EventType "tourn"]
[EventRounds "11"]
[EventCountry "HUN"]
[EventCategory "1"]
[SourceTitle "CBM 149 Extra"]
[Source "ChessBase"]
[SourceDate "2012.08.24"]
[SourceVersion "1"]
[SourceVersionDate "2012.08.24"]
[SourceQuality "1"]

1. e4 e5 2. Nf3 Nc6 3. Bb5 a6 4. Ba4 Nf6 5. 0-0 Be7 6. Re1 b5 7. Bb3 d6 8. c3 0-0 9. h3 Na5 10. Bc2 c5 11. d4 Qc7 12. Nbd2 Nc6 13. d5 Na5 14. b3 Bd7 15. Nf1 Nb7 16. c4 Rfb8 17. Ne3 g6 18. Bd2 Bf8 19. Bd3 Bg7 20. a3 Na5 21. Qc2 bxc4 1/2-1/2

[Event "Budapest FS06 IM-B"]
[Site "Budapest"]
[Date "2012.06.10"]
[Round "8"]
[White "Volodin, Viktor Nikolaevich"]
[Black "Lengyel, Bela"]
[Result "1/2-1/2"]
[WhiteElo "2197"]
[BlackElo "2260"]
[PlyCount "20"]
[EventDate "2012.06.02"]
[EventType "tourn"]
[EventRounds "9"]
[EventCountry "HUN"]
[SourceTitle "CBM 148 Extra"]
[Source "ChessBase"]
[SourceDate "2012.06.22"]
[SourceVersion "1"]
[SourceVersionDate "2012.06.22"]
[SourceQuality "1"]

1. c4 e6 2. g3 d5 3. Nf3 Nf6 4. Bg2 Be7 5. d4 0-0 6. 0-0 Nbd7 7. Qc2 c6 8. b3 b6 9. Bb2 Bb7 10. Nbd2 Rc8 1/2-1/2

[Event "Budapest FS06 IM-B"]
[Site "Budapest"]
[Date "2012.06.08"]
[Round "6"]
[White "Szalanczy, Emil"]
[Black "Lengyel, Bela"]
[Result "1/2-1/2"]
[WhiteElo "2262"]
[BlackElo "2260"]
[PlyCount "43"]
[EventDate "2012.06.02"]
[EventType "tourn"]
[EventRounds "9"]
[EventCountry "HUN"]
[SourceTitle "CBM 148 Extra"]
[Source "ChessBase"]
[SourceDate "2012.06.22"]
[SourceVersion "1"]
[SourceVersionDate "2012.06.22"]
[SourceQuality "1"]

1. c4 e5 2. Nc3 Nf6 3. g3 d5 4. cxd5 Nxd5 5. Bg2 Nb6 6. Nf3 Nc6 7. 0-0 Be7 8. d3 0-0 9. a3 Be6 10. b4 a5 11. b5 Nd4 12. Nd2 c6 13. Rb1 a4 14. bxc6 Nxc6 15. Bb2 Nd5 16. Nxd5 Bxd5 17. Nf3 f6 18. e3 Qd7 19. Qe2 Rfd8 20. d4 e4 21. Nd2 Qe6 22. Rfc1 1/2-1/2

[Event "Budapest FS05 IM"]
[Site "Budapest"]
[Date "2012.05.11"]
[Round "7"]
[White "Farago, Sandor"]
[Black "Lengyel, Bela"]
[Result "1/2-1/2"]
[WhiteElo "2270"]
[BlackElo "2260"]
[PlyCount "23"]
[EventDate "2012.05.05"]
[EventType "tourn"]
[EventRounds "11"]
[EventCountry "HUN"]
[EventCategory "1"]
[SourceTitle "CBM 148 Extra"]
[Source "ChessBase"]
[SourceDate "2012.06.22"]
[SourceVersion "1"]
[SourceVersionDate "2012.06.22"]
[SourceQuality "1"]

1. d4 Nf6 2. c4 g6 3. Nc3 Bg7 4. e4 0-0 5. Nf3 d6 6. Be2 e5 7. 0-0 Nc6 8. d5 Ne7 9. b4 Nh5 10. c5 Nf4 11. Bxf4 exf4 12. Rc1 1/2-1/2

[Event "HUN-chT2 Erkel 1112"]
[Site "Hungary"]
[Date "2012.05.06"]
[Round "10.2"]
[White "Lengyel, Bela"]
[Black "Battey, Alexander"]
[Result "1/2-1/2"]
[WhiteElo "2288"]
[BlackElo "2313"]
[PlyCount "30"]
[EventDate "2011.09.25"]
[EventType "team-tourn"]
[EventRounds "11"]
[EventCountry "HUN"]
[SourceTitle "EXT 2013"]
[Source "ChessBase"]
[SourceDate "2012.11.22"]
[SourceVersion "1"]
[SourceVersionDate "2012.11.22"]
[SourceQuality "1"]
[WhiteTeam "Szigetszentmiklos"]
[BlackTeam "Sarkany"]
[WhiteTeamCountry "HUN"]
[BlackTeamCountry "HUN"]

1. e4 c6 2. d4 d5 3. Nc3 dxe4 4. Nxe4 Bf5 5. Ng3 Bg6 6. h4 h6 7. Nf3 Nd7 8. h5 Bh7 9. Bd3 Bxd3 10. Qxd3 e6 11. Bd2 Ngf6 12. 0-0-0 Be7 13. Ne4 Qb6 14. Kb1 Rd8 15. c4 0-0 1/2-1/2

[Event "Budapest FS04 IM"]
[Site "Budapest"]
[Date "2012.04.13"]
[Round "7"]
[White "Kislik, Erik Andrew"]
[Black "Lengyel, Bela"]
[Result "1-0"]
[WhiteElo "2403"]
[BlackElo "2257"]
[PlyCount "149"]
[EventDate "2012.04.07"]
[EventType "tourn"]
[EventRounds "9"]
[EventCountry "HUN"]
[EventCategory "1"]
[SourceTitle "CBM 147 Extra"]
[Source "ChessBase"]
[SourceDate "2012.04.24"]
[SourceVersion "1"]
[SourceVersionDate "2012.04.24"]
[SourceQuality "1"]

1. e4 e5 2. Nf3 Nc6 3. Bb5 a6 4. Ba4 Nf6 5. 0-0 Be7 6. Re1 b5 7. Bb3 d6 8. c3 0-0 9. h3 Bb7 10. d4 Re8 11. Ng5 Rf8 12. Nf3 Re8 13. Nbd2 Bf8 14. a3 h6 15. d5 Nb8 16. Nf1 Nbd7 17. Ng3 c6 18. dxc6 Bxc6 19. Nh2 Nc5 20. Bc2 d5 21. exd5 Qxd5 22. Qxd5 Bxd5 23. Be3 Na4 24. c4 Bc6 25. b3 Nc5 26. b4 Ncd7 27. c5 g6 28. Ng4 h5 29. Nxf6+ Nxf6 30. Bg5 Nh7 31. Bc1 Kg7 32. Bb2 f6 33. Ne2 Bd5 34. f4 exf4 35. Nxf4 Bf7 36. Rf1 g5 37. Nd3 Bg6 38. Rf2 a5 39. Rd1 axb4 40. axb4 Re4 41. Bb3 Rd8 42. Rfd2 h4 43. Bc3 g4 44. Nf2 Rxd2 45. Bxd2 Re7 46. Nxg4 Be4 47. Re1 f5 48. Bh6+ Kg6 49. Bxf8 Nxf8 50. Bc2 Nh7 51. Nf2 Nf6 52. Bd3 Kg5 53. Bxb5 Nd5 54. Bc6 Nxb4 55. Bxe4 fxe4 56. Rxe4 Rxe4 57. Nxe4+ Kf5 58. Nd2 Nc6 59. Nf3 Ke4 60. Nxh4 Kd5 61. g4 Kxc5 62. Kf2 Kd5 63. Ke3 Ke5 64. Nf3+ Kf6 65. Kf4 Ne7 66. g5+ Kg6 67. Kg4 Nd5 68. Ne5+ Kg7 69. h4 Ne3+ 70. Kf3 Nf5 71. h5 Nd4+ 72. Kg4 Kh7 73. Nf3 Ne6 74. Nh4 Nxg5 75. Kxg5 1-0

[Event "Budapest FS04 IM"]
[Site "Budapest"]
[Date "2012.04.09"]
[Round "3"]
[White "Farago, Sandor"]
[Black "Lengyel, Bela"]
[Result "1/2-1/2"]
[WhiteElo "2296"]
[BlackElo "2257"]
[PlyCount "29"]
[EventDate "2012.04.07"]
[EventType "tourn"]
[EventRounds "9"]
[EventCountry "HUN"]
[EventCategory "1"]
[SourceTitle "CBM 147 Extra"]
[Source "ChessBase"]
[SourceDate "2012.04.24"]
[SourceVersion "1"]
[SourceVersionDate "2012.04.24"]
[SourceQuality "1"]

1. d4 Nf6 2. c4 e6 3. Nf3 b6 4. e3 Bb7 5. Bd3 Bb4+ 6. Bd2 Bxd2+ 7. Nbxd2 d6 8. 0-0 Nbd7 9. e4 e5 10. Qc2 0-0 11. d5 c6 12. Rac1 cxd5 13. cxd5 Rc8 14. Qa4 a6 15. b4 1/2-1/2

[Event "Budapest FS04 IM"]
[Site "Budapest"]
[Date "2012.04.08"]
[Round "2"]
[White "Lengyel, Bela"]
[Black "Melkonian, Vardan"]
[Result "1-0"]
[WhiteElo "2257"]
[BlackElo "2230"]
[PlyCount "55"]
[EventDate "2012.04.07"]
[EventType "tourn"]
[EventRounds "9"]
[EventCountry "HUN"]
[EventCategory "1"]
[SourceTitle "CBM 147 Extra"]
[Source "ChessBase"]
[SourceDate "2012.04.24"]
[SourceVersion "1"]
[SourceVersionDate "2012.04.24"]
[SourceQuality "1"]

1. e4 d5 2. exd5 Qxd5 3. Nc3 Qa5 4. d4 Nf6 5. Nf3 c6 6. Bc4 Bf5 7. Ne5 e6 8. g4 Bg6 9. h4 Nbd7 10. Nxd7 Kxd7 11. Bd2 Qb6 12. h5 Be4 13. Rh3 Qxd4 14. Be3 Qxd1+ 15. Rxd1+ Bd5 16. g5 Ne8 17. Nxd5 exd5 18. Bd3 Kc7 19. Rf3 f6 20. h6 Rd8 21. Bf4+ Bd6 22. hxg7 Nxg7 23. gxf6 Bxf4 24. fxg7 Rhe8+ 25. Kf1 Be5 26. Rf7+ Rd7 27. Rf8 Rdd8 28. g8Q 1-0